000 00502nam a2200205Ia 4500
003 OSt
005 20220510101440.0
008 210210b2013 xxu||||| |||| 00| 0 eng d
040 _aAL
_c
041 _aeng
082 _a658.001 MOHB
100 _aMOHAN (T K)
_935378
245 _aBusiness economics: BBM III Sem
260 _aMangalore
_bUnited Publishers,
_c2013
300 _a168
650 _aeconomics
_935381
690 _aBusiness Economics
_935384
906 _a068856
942 _2ddc
_cBK
999 _c152921
_d152921